|
|
|
|
| LEADER |
00000nam0a2200000 4500 |
| 001 |
335000 |
| 005 |
20231102004718.0 |
| 035 |
|
|
|a (RuTPU)RU\TPU\book\361323
|
| 090 |
|
|
|a 335000
|
| 100 |
|
|
|a 20170912d1994 km y0rusy50 ca
|
| 101 |
0 |
|
|a rus
|
| 102 |
|
|
|a RU
|
| 105 |
|
|
|a y z 001zy
|
| 200 |
1 |
|
|a Анализ разработки крупнейших нефтяных месторождений СНГ и США
|f В. Н. Щелкачев
|g Роснефть
|
| 210 |
|
|
|a Москва
|c Изд-во ВНИИОЭНГ
|d 1994
|
| 215 |
|
|
|a 76 с.
|
| 320 |
|
|
|a Библиогр.: с. 74
|
| 606 |
1 |
|
|a Нефтяные месторождения
|x Системы разработки
|2 stltpush
|3 (RuTPU)RU\TPU\subj\45964
|9 65153
|
| 610 |
1 |
|
|a анализ
|
| 610 |
1 |
|
|a Российская Федерация
|
| 610 |
1 |
|
|a Самотлорское нефтяное месторождение
|
| 610 |
1 |
|
|a США
|
| 610 |
1 |
|
|a сопоставление
|
| 675 |
|
|
|a 622.276
|v 4
|
| 700 |
|
1 |
|a Щелкачев
|b В. Н.
|g Владимир Николаевич
|
| 712 |
0 |
2 |
|a Роснефть
|c Нефтяная компания
|c Открытое акционерное общество
|c (Москва)
|c (1993- )
|2 stltpush
|3 (RuTPU)RU\TPU\col\11516
|9 25142
|
| 801 |
|
1 |
|a RU
|b 63413507
|c 20170912
|
| 801 |
|
2 |
|a RU
|b 63413507
|c 20191205
|g RCR
|
| 942 |
|
|
|c BK
|